| 000 | 00571nam a2200217Ia 4500 | ||
|---|---|---|---|
| 005 | 20250923145719.0 | ||
| 008 | 008 250917s9999 xx 000 0 eng d | ||
| 037 | _aTextual | ||
| 040 |
_aDSWL _beng _cDSWL |
||
| 041 |
_aeng _2eng |
||
| 084 |
_aQ29N98, N74;1 _qDSWL |
||
| 100 |
_aVaudeville, C. _9838235 |
||
| 245 | 0 |
_aKabir _c by C.Vaudeville |
|
| 260 |
_aLondon _bOxford _c1974 |
||
| 300 | _axiv,340p. | ||
| 365 |
_aINR _b180.00 |
||
| 490 | _vVol. I | ||
| 925 | _g180.00 | ||
| 942 |
_cTEXL _hQ29N98, N74;1 |
||
| 999 |
_c1454676 _d1454676 |
||